<?xml version="1.0" encoding="UTF-8"?><?xml-stylesheet type="text/xsl" href="static/style.xsl"?><OAI-PMH xmlns="http://www.openarchives.org/OAI/2.0/" xmlns:xsi="http://www.w3.org/2001/XMLSchema-instance" xsi:schemaLocation="http://www.openarchives.org/OAI/2.0/ http://www.openarchives.org/OAI/2.0/OAI-PMH.xsd"><responseDate>2026-04-19T04:47:47Z</responseDate><request verb="GetRecord" identifier="oai:recam.amb.cat:20.500.14439/2208" metadataPrefix="marc">https://recam.amb.cat/rest/oai/request</request><GetRecord><record><header><identifier>oai:recam.amb.cat:20.500.14439/2208</identifier><datestamp>2025-03-26T10:35:49Z</datestamp><setSpec>com_20.500.14439_126</setSpec><setSpec>col_20.500.14439_142</setSpec></header><metadata><record xmlns="http://www.loc.gov/MARC21/slim" xmlns:dcterms="http://purl.org/dc/terms/" xmlns:xsi="http://www.w3.org/2001/XMLSchema-instance" xmlns:doc="http://www.lyncode.com/xoai" xsi:schemaLocation="http://www.loc.gov/MARC21/slim http://www.loc.gov/standards/marcxml/schema/MARC21slim.xsd">
   <leader>00925njm 22002777a 4500</leader>
   <datafield ind2=" " ind1=" " tag="042">
      <subfield code="a">dc</subfield>
   </datafield>
   <datafield ind2=" " ind1=" " tag="720">
      <subfield code="a">Àrea Metropolitana de Barcelona</subfield>
      <subfield code="e">author</subfield>
   </datafield>
   <datafield ind2=" " ind1=" " tag="260">
      <subfield code="c">2020-12-16</subfield>
   </datafield>
   <datafield ind2=" " ind1=" " tag="520">
      <subfield code="a">El PMEC és un programa que promou, principalment, actuacions vinculades a la transició energètica (energies renovables i eficiència energètica), a la mitigació i adaptació al canvi climàtic i a tots aquells projectes de sensibilització i dinamització necessaris per fer que la transició sigui justa i enfocada a una nova cultura de la sostenibilitat.L'horitzó del programa és el 2030, tot i que focalitza les línies d'acció prioritàries en el període 2020-2023.</subfield>
   </datafield>
   <datafield ind1="8" ind2=" " tag="024">
      <subfield code="a">https://hdl.handle.net/20.500.14439/2208</subfield>
   </datafield>
   <datafield ind1="8" ind2=" " tag="024">
      <subfield code="a">10199709</subfield>
   </datafield>
   <datafield tag="653" ind2=" " ind1=" ">
      <subfield code="a">Gestió ambiental</subfield>
   </datafield>
   <datafield tag="653" ind2=" " ind1=" ">
      <subfield code="a">Gestió energètica</subfield>
   </datafield>
   <datafield tag="653" ind2=" " ind1=" ">
      <subfield code="a">Climatologia</subfield>
   </datafield>
   <datafield tag="653" ind2=" " ind1=" ">
      <subfield code="a">Energia</subfield>
   </datafield>
   <datafield ind2="0" ind1="0" tag="245">
      <subfield code="a">Programa marc d’actuacions en energia i clima (PMEC)</subfield>
   </datafield>
</record></metadata></record></GetRecord></OAI-PMH>